[Event "COL-ch sf"]
[Site "Pereira"]
[Date "2024.03.31"]
[Round "11"]
[White "Garvin Mejia, Ricardo Luis"]
[Black "Barrera Pinilla, Nicolas"]
[Result "1-0"]
[WhiteElo "1703"]
[BlackElo "1622"]
[PlyCount "115"]
[EventDate "2024.03.26"]
[EventType "swiss"]
[EventRounds "11"]
[EventCountry "COL"]
[SourceTitle "CB14_2024"]
[SourceDate "2024.04.01"]
[SourceVersion "1"]
[SourceVersionDate "2024.04.01"]
[SourceQuality "1"]

1. Nf3 Nf6 2. d4 e6 3. e3 b6 4. Bd3 Bb7 5. Nbd2 d6 6. Qe2 Nbd7 7. e4 e5 8. c3 Be7 9. 0-0 0-0 10. Rd1 Re8 11. dxe5 dxe5 12. Nc4 Bc5 13. b4 Bf8 14. a4 a5 15. b5 Bc5 16. Bg5 Qe7 17. Bc2 Qe6 18. Nh4 g6 19. Rxd7 Nxd7 20. Bb3 Nf8 21. Nxa5 Qc8 22. Nxb7 Qxb7 23. Bd5 Qc8 24. Bxa8 Qxa8 25. Kf1 Ne6 26. Bh6 Qd8 27. Nf3 Qf6 28. Be3 Ra8 29. Bxc5 Nxc5 30. Qc2 Qe6 31. Nd2 Rd8 32. Re1 f6 33. f3 Qd6 34. Nc4 Qd3+ 35. Qxd3 Rxd3 36. a5 Rxc3 37. axb6 Rxc4 38. bxc7 Nd7 39. b6 Nxb6 40. Rb1 Nd7 41. Rb8+ Kf7 42. c8Q Rxc8 43. Rxc8 h5 44. h4 Nf8 45. Rc7+ Kg8 46. Re7 Kh8 47. g3 Kg8 48. Kf2 Nh7 49. f4 exf4 50. gxf4 Nf8 51. Kf3 Nh7 52. e5 fxe5 53. fxe5 Nf8 54. Kf4 Kh8 55. Kg5 Kg8 56. Re8 Kg7 57. Rxf8 Kxf8 58. Kxg6 1-0

[Event "COL-ch sf"]
[Site "Pereira"]
[Date "2024.03.27"]
[Round "3"]
[White "Garvin Mejia, Ricardo Luis"]
[Black "Gomez Morales, Juan Sebastian"]
[Result "1-0"]
[WhiteElo "1703"]
[BlackElo "1863"]
[PlyCount "53"]
[EventDate "2024.03.26"]
[EventType "swiss"]
[EventRounds "11"]
[EventCountry "COL"]
[SourceTitle "CB14_2024"]
[SourceDate "2024.04.01"]
[SourceVersion "1"]
[SourceVersionDate "2024.04.01"]
[SourceQuality "1"]

1. Nf3 d5 2. d4 Nf6 3. g3 e6 4. Bg2 Be7 5. 0-0 0-0 6. c4 c6 7. Nc3 b6 8. Ne5 Ba6 9. b3 Nfd7 10. cxd5 cxd5 11. f4 Nxe5 12. fxe5 Bg5 13. h4 Bxc1 14. Rxc1 Nd7 15. Rf4 f5 16. Nxd5 exd5 17. Bxd5+ Kh8 18. Bxa8 Qxa8 19. Rc7 Qd5 20. e4 Qe6 21. Qh5 Nxe5 22. Rxf5 Rg8 23. Rxe5 Qh3 24. Qf3 Bc8 25. Rg5 h6 26. Rgxg7 Bd7 27. Rcxd7 1-0

[Event "Pereira GP op 2nd"]
[Site "Pereira"]
[Date "2023.10.22"]
[Round "6"]
[White "Espinel Forero, Aura Maria"]
[Black "Garvin Mejia, Ricardo Luis"]
[Result "1/2-1/2"]
[WhiteElo "1570"]
[BlackElo "1516"]
[PlyCount "89"]
[EventDate "2023.10.21"]
[EventType "swiss"]
[EventRounds "6"]
[EventCountry "COL"]
[SourceTitle "Mega2024 Update 01"]
[Source "Chessbase"]
[SourceDate "2023.11.12"]
[SourceVersion "1"]
[SourceVersionDate "2023.11.12"]
[SourceQuality "1"]

1. e4 e5 2. Nf3 Nc6 3. Bb5 a6 4. Ba4 Nf6 5. Qe2 b5 6. Bb3 Be7 7. c3 0-0 8. 0-0 d5 9. exd5 Nxd5 10. Nxe5 Nxe5 11. Qxe5 Bb7 12. d4 Bd6 13. Qg5 Nf6 14. Be3 Qd7 15. Nd2 Ng4 16. h3 Bh2+ 17. Kh1 Nxe3 18. Qxe3 Bf4 19. Qxf4 Qxh3+ 20. Qh2 Bxg2+ 21. Kg1 Bxf1 22. Nxf1 Qxh2+ 23. Kxh2 c5 24. Rd1 c4 25. Bc2 Rfe8 26. Ng3 Rad8 27. Be4 h5 28. Bf3 g6 29. Ne4 Kg7 30. Nc5 Rd6 31. Kg3 f5 32. d5 Re7 33. Kf4 Kf6 34. Ne6 a5 35. Rg1 b4 36. Rg5 bxc3 37. bxc3 Rb7 38. Bxh5 gxh5 39. Rxf5+ Ke7 40. Rxh5 Rb2 41. Rh7+ Kf6 42. Rh6+ Ke7 43. Rh7+ Kf6 44. Rh6+ Ke7 45. Rh7+ 1/2-1/2

[Event "Pereira GP op 2nd"]
[Site "Pereira"]
[Date "2023.10.21"]
[Round "3"]
[White "Garvin Mejia, Ricardo Luis"]
[Black "Chica Londono, Daniel"]
[Result "1/2-1/2"]
[WhiteElo "1516"]
[BlackElo "1344"]
[PlyCount "57"]
[EventDate "2023.10.21"]
[EventType "swiss"]
[EventRounds "6"]
[EventCountry "COL"]
[SourceTitle "Mega2024 Update 01"]
[Source "Chessbase"]
[SourceDate "2023.11.12"]
[SourceVersion "1"]
[SourceVersionDate "2023.11.12"]
[SourceQuality "1"]

1. Nf3 Nf6 2. d4 e6 3. g3 Be7 4. Bg2 0-0 5. 0-0 c5 6. e3 Nc6 7. c4 d5 8. b3 b6 9. Ne5 Bb7 10. Nxc6 Bxc6 11. dxc5 Bxc5 12. Bb2 Rc8 13. Nd2 dxc4 14. Bxc6 Rxc6 15. Nxc4 Be7 16. Qf3 Qd5 17. Qxd5 Nxd5 18. Ne5 Rc2 19. Nd3 Nb4 20. Ba3 Nxd3 21. Bxe7 Rfc8 22. a3 h6 23. Rad1 Nc5 24. Bxc5 R8xc5 25. Rd8+ Kh7 26. Rd7 Rc7 27. Rfd1 R2c3 28. Rxc7 Rxc7 29. Rd3 1/2-1/2

[Event "Pereira Fiestas de la Cosecha op"]
[Site "Pereira"]
[Date "2023.08.26"]
[Round "4"]
[White "Garvin Mejia, Ricardo Luis"]
[Black "Diaz Larrea, Juan Manuel"]
[Result "0-1"]
[WhiteElo "1540"]
[BlackElo "1862"]
[PlyCount "100"]
[EventDate "2023.08.24"]
[EventType "swiss"]
[EventRounds "7"]
[EventCountry "COL"]
[SourceTitle "EXT 2024"]
[Source "ChessBase"]
[SourceDate "2023.10.10"]
[SourceVersion "1"]
[SourceVersionDate "2023.10.10"]
[SourceQuality "1"]

1. Nf3 Nf6 2. c4 c5 3. Nc3 d5 4. cxd5 Nxd5 5. e4 Nb4 6. a3 Nd3+ 7. Bxd3 Qxd3 8. Qe2 Qxe2+ 9. Kxe2 Nc6 10. d4 Bg4 11. dxc5 Nd4+ 12. Kd3 Nxf3 13. gxf3 Bxf3 14. Rg1 0-0-0+ 15. Kc4 f6 16. Be3 Bh5 17. b4 Bf7+ 18. Nd5 e6 19. Nc3 g6 20. Rad1 Be7 21. Nb5 e5+ 22. Kc3 a6 23. Nd6+ Bxd6 24. Rxd6 Rxd6 25. cxd6 Kd7 26. Bc5 Rc8 27. Kd3 Rc6 28. Rc1 b6 29. Be3 Rxd6+ 30. Ke2 g5 31. h4 Bh5+ 32. f3 g4 33. fxg4 Bxg4+ 34. Kf2 h5 35. a4 Bd1 36. a5 b5 37. Bb6 Bg4 38. Rc7+ Ke6 39. Bc5 Rd2+ 40. Ke3 Re2+ 41. Kd3 f5 42. Rc6+ Kd7 43. Rd6+ Kc7 44. exf5 e4+ 45. Kc3 Bxf5 46. Rxa6 e3 47. Rf6 Rc2+ 48. Kb3 Rxc5 49. bxc5 e2 50. Rf7+ Kd8 0-1

[Event "Fomeque op"]
[Site "Fomeque"]
[Date "2023.08.21"]
[Round "6"]
[White "Bernardo Beleno, Erik"]
[Black "Garvin Mejia, Ricardo Luis"]
[Result "0-1"]
[WhiteElo "1231"]
[BlackElo "1540"]
[PlyCount "80"]
[EventDate "2023.08.19"]
[EventType "swiss"]
[EventRounds "6"]
[EventCountry "COL"]
[SourceTitle "EXT 2024"]
[Source "ChessBase"]
[SourceDate "2023.10.10"]
[SourceVersion "1"]
[SourceVersionDate "2023.10.10"]
[SourceQuality "1"]

1. e4 e5 2. Nf3 Nf6 3. Nc3 Nc6 4. Bc4 Nxe4 5. Bxf7+ Kxf7 6. Nxe4 d5 7. Ng3 h5 8. d4 h4 9. Ne2 Be7 10. dxe5 Bg4 11. e6+ Bxe6 12. Nfd4 Bf6 13. Nxe6 Kxe6 14. Nf4+ Kf7 15. 0-0 Ne7 16. Qg4 Qc8 17. Qf3 c6 18. Bd2 Qf5 19. Qd3 Qxd3 20. Nxd3 b6 21. c3 d4 22. cxd4 Rad8 23. Bc3 Bxd4 24. Bxd4 Rxd4 25. Rad1 Kf6 26. g3 Rhd8 27. gxh4 Rxd3 28. Rxd3 Rxd3 29. Rb1 Nf5 30. Rc1 c5 31. Kf1 Rd2 32. Rb1 Nxh4 33. h3 Kf5 34. a3 Kf4 35. b4 c4 36. Rc1 b5 37. a4 a6 38. a5 Kf3 39. Rc3+ Rd3 40. Rc1 c3 0-1

[Event "Medellin Flores op 30th"]
[Site "Medellin"]
[Date "2023.08.03"]
[Round "1"]
[White "Garvin Mejia, Ricardo Luis"]
[Black "Martinez Quintero, Javier"]
[Result "0-1"]
[WhiteElo "1540"]
[BlackElo "1642"]
[PlyCount "64"]
[EventDate "2023.08.03"]
[EventType "swiss"]
[EventRounds "9"]
[EventCountry "COL"]
[SourceTitle "EXT 2024"]
[Source "ChessBase"]
[SourceDate "2023.10.10"]
[SourceVersion "1"]
[SourceVersionDate "2023.10.10"]
[SourceQuality "1"]

1. Nf3 c5 2. g3 d5 3. d4 cxd4 4. Bg2 Nc6 5. Nxd4 e5 6. Nxc6 bxc6 7. c4 Bb4+ 8. Bd2 Bxd2+ 9. Nxd2 Nf6 10. 0-0 0-0 11. Qc2 Rb8 12. Rad1 Qb6 13. b3 Bg4 14. Nf3 Rfe8 15. Nh4 e4 16. c5 Qa5 17. f3 exf3 18. exf3 Bd7 19. g4 Re3 20. Rc1 Rbe8 21. Qb2 Re2 22. Rc2 Qxc5+ 23. Rxc5 Rxb2 24. Ra5 Ree2 25. Bh1 Rxa2 26. Ra1 Rab2 27. Rxa7 g5 28. Ng2 Rxb3 29. h4 h6 30. Rc7 d4 31. hxg5 hxg5 32. Raa7 d3 0-1

[Event "Manizales op 28th"]
[Site "Manizales"]
[Date "2023.01.09"]
[Round "8"]
[White "Garvin Mejia, Ricardo Luis"]
[Black "Lopez Lopez, William Andres"]
[Result "1/2-1/2"]
[WhiteElo "1572"]
[BlackElo "1594"]
[PlyCount "23"]
[EventDate "2023.01.05"]
[EventType "swiss"]
[EventRounds "8"]
[EventCountry "COL"]
[SourceTitle "CBM 212 Extra"]
[Source "ChessBase"]
[SourceDate "2023.03.31"]
[SourceVersion "1"]
[SourceVersionDate "2023.03.31"]
[SourceQuality "1"]

1. Nf3 Nf6 2. g3 g6 3. Bg2 Bg7 4. 0-0 d5 5. c4 c6 6. cxd5 cxd5 7. Qa4+ Bd7 8. Qb3 Qc7 9. d4 Nc6 10. Bf4 Qc8 11. Nc3 e6 12. Qa3 1/2-1/2

[Event "Manizales op 28th"]
[Site "Manizales"]
[Date "2023.01.06"]
[Round "3"]
[White "Romero, Miguel Angel"]
[Black "Garvin Mejia, Ricardo Luis"]
[Result "0-1"]
[WhiteElo "1472"]
[BlackElo "1572"]
[PlyCount "62"]
[EventDate "2023.01.05"]
[EventType "swiss"]
[EventRounds "8"]
[EventCountry "COL"]
[SourceTitle "CBM 212 Extra"]
[Source "ChessBase"]
[SourceDate "2023.03.31"]
[SourceVersion "1"]
[SourceVersionDate "2023.03.31"]
[SourceQuality "1"]

1. Nf3 Nf6 2. c3 c5 3. d4 e6 4. Bg5 Be7 5. Bxf6 Bxf6 6. e4 Qb6 7. Qb3 Qxb3 8. axb3 cxd4 9. e5 Bd8 10. Nxd4 Nc6 11. Nxc6 bxc6 12. Nd2 f6 13. Nc4 fxe5 14. Nxe5 Bc7 15. Nf3 0-0 16. Bd3 h6 17. b4 e5 18. c4 e4 19. Bxe4 Re8 20. Nd2 d5 21. cxd5 cxd5 22. 0-0 dxe4 23. Rfe1 Bf5 24. Nc4 Red8 25. h3 Rd4 26. Ne3 Bg6 27. Ra6 Kh7 28. Rc1 Bb6 29. Rc6 Rad8 30. Rc4 Rd2 31. Rc2 Bxe3 0-1

[Event "Sabaneta op-B 1st"]
[Site "Sabaneta"]
[Date "2022.11.26"]
[Round "2"]
[White "Ramirez Montoya, Jorge A"]
[Black "Garvin Mejia, Ricardo Luis"]
[Result "1-0"]
[WhiteElo "1790"]
[BlackElo "1590"]
[PlyCount "59"]
[EventDate "2022.11.25"]
[EventType "swiss"]
[EventRounds "8"]
[EventCountry "COL"]
[SourceTitle "CBM 211 Extra"]
[Source "ChessBase"]
[SourceDate "2023.01.31"]
[SourceVersion "1"]
[SourceVersionDate "2023.01.31"]
[SourceQuality "1"]

1. e4 g6 2. d4 d5 3. exd5 Qxd5 4. Nc3 Qd8 5. Nf3 Bg4 6. Bc4 e6 7. Bf4 c6 8. 0-0 Bxf3 9. Qxf3 Qxd4 10. Rad1 Qg7 11. Qd3 Be7 12. Bxb8 Rxb8 13. Qd7+ Kf8 14. Qc7 Re8 15. Qxb7 Nf6 16. Qxc6 Qh6 17. Ne4 Kg7 18. Nxf6 Bxf6 19. Rd7 Be5 20. g3 Qh3 21. Re1 Qf5 22. Qe4 Qxe4 23. Rxe4 Bxb2 24. Rxe6 Rd8 25. Ree7 Rxd7 26. Rxd7 a5 27. Rxf7+ Kh6 28. h4 Re8 29. g4 Re4 30. f3 1-0

[Event "Manizales Americas op"]
[Site "Manizales"]
[Date "2022.10.17"]
[Round "7"]
[White "Garvin Mejia, Ricardo Luis"]
[Black "Gutierrez, Jhon Jaime"]
[Result "0-1"]
[WhiteElo "1570"]
[BlackElo "1722"]
[PlyCount "48"]
[EventDate "2022.10.14"]
[EventType "swiss"]
[EventRounds "8"]
[EventCountry "COL"]
[SourceTitle "CBM 210 Extra"]
[Source "ChessBase"]
[SourceDate "2022.11.30"]
[SourceVersion "1"]
[SourceVersionDate "2022.11.30"]
[SourceQuality "1"]

1. Nf3 d5 2. d4 c6 3. g3 Nf6 4. Bg2 Bf5 5. Bf4 e6 6. Nbd2 Nbd7 7. c3 Nh5 8. Bg5 Nhf6 9. Nh4 Bg6 10. Nxg6 hxg6 11. e4 Be7 12. e5 Ng8 13. Be3 c5 14. Qb3 Qc7 15. Nf3 Nh6 16. Bxh6 Rxh6 17. 0-0 g5 18. h3 g6 19. Rfe1 Kf8 20. Qd1 Kg7 21. Qd2 Qd8 22. Re2 a5 23. Nh2 a4 24. f4 gxf4 0-1

[Event "COL Subzt 2.3.4"]
[Site "Risarald"]
[Date "2021.11.25"]
[Round "5"]
[White "Acosta, Jaime"]
[Black "Garvin Mejia, Ricardo Luis"]
[Result "1/2-1/2"]
[WhiteElo "1429"]
[BlackElo "1611"]
[PlyCount "60"]
[EventDate "2021.11.23"]
[EventType "swiss"]
[EventRounds "9"]
[EventCountry "COL"]
[SourceTitle "CBM 205 Extra"]
[Source "ChessBase"]
[SourceDate "2022.01.31"]
[SourceVersion "1"]
[SourceVersionDate "2022.01.31"]
[SourceQuality "1"]

1. d4 Nf6 2. Bf4 g6 3. Nf3 Bg7 4. h3 0-0 5. e3 d6 6. c3 Nbd7 7. Nbd2 b6 8. Be2 Bb7 9. 0-0 c5 10. Qa4 a6 11. Qd1 b5 12. dxc5 Nxc5 13. Nb3 Na4 14. Qc1 Rc8 15. Bh2 Ne4 16. Nfd2 Ng5 17. Nd4 Qb6 18. h4 Ne6 19. Nxe6 fxe6 20. Bf3 b4 21. Bxb7 Qxb7 22. Nb1 bxc3 23. bxc3 Nxc3 24. Nxc3 Rxc3 25. Rb1 Qc6 26. Qd1 Rc8 27. Qg4 Qd5 28. Qa4 Qd3 29. Rbd1 Qb5 30. Qg4 Qc4 1/2-1/2

[Event "COL Subzt 2.3.4"]
[Site "Risarald"]
[Date "2021.11.24"]
[Round "3"]
[White "Estrella Becerra, Fernando"]
[Black "Garvin Mejia, Ricardo Luis"]
[Result "1-0"]
[WhiteElo "1916"]
[BlackElo "1611"]
[PlyCount "81"]
[EventDate "2021.11.23"]
[EventType "swiss"]
[EventRounds "9"]
[EventCountry "COL"]
[SourceTitle "CBM 205 Extra"]
[Source "ChessBase"]
[SourceDate "2022.01.31"]
[SourceVersion "1"]
[SourceVersionDate "2022.01.31"]
[SourceQuality "1"]

1. c4 Nf6 2. Nc3 g6 3. g3 Bg7 4. Bg2 0-0 5. e4 e5 6. Nge2 c5 7. 0-0 Nc6 8. d3 h6 9. h3 d6 10. f4 Nd4 11. Nd5 Nxd5 12. cxd5 Kh7 13. Nxd4 exd4 14. g4 Bd7 15. Bd2 Bb5 16. Be1 c4 17. Rf2 cxd3 18. Bf1 Rc8 19. Bxd3 Bxd3 20. Qxd3 Qc7 21. Bb4 Rfd8 22. Rd2 Qc4 23. Qxc4 Rxc4 24. a3 d3 25. Re1 Bd4+ 26. Kh1 b6 27. Rxd3 Bxb2 28. e5 Rc1 29. Rxc1 Bxc1 30. Bxd6 Bxf4 31. Be7 Rd7 32. Bf6 g5 33. Kg2 Kg6 34. Kf3 b5 35. Ke4 a5 36. d6 b4 37. Kd5 Rb7 38. Kc6 Rb8 39. axb4 axb4 40. d7 b3 41. Rxb3 1-0

[Event "Bogota El Tablazo op"]
[Site "Bogota"]
[Date "2021.11.06"]
[Round "5"]
[White "Lopez Ramirez, Jorge Hernan"]
[Black "Garvin Mejia, Ricardo Luis"]
[Result "1-0"]
[WhiteElo "1917"]
[BlackElo "1611"]
[PlyCount "70"]
[EventDate "2021.11.04"]
[EventType "swiss"]
[EventRounds "7"]
[EventCountry "COL"]
[SourceTitle "CBM 205 Extra"]
[Source "ChessBase"]
[SourceDate "2022.01.31"]
[SourceVersion "1"]
[SourceVersionDate "2022.01.31"]
[SourceQuality "1"]

1. e4 e5 2. Nf3 Nc6 3. Bb5 Nf6 4. d4 a6 5. Bc4 Bb4+ 6. c3 Be7 7. d5 Nb8 8. Nxe5 d6 9. Qa4+ Nbd7 10. Nxd7 Bxd7 11. Qc2 c6 12. 0-0 0-0 13. Bf4 Rc8 14. Nd2 b5 15. Bb3 cxd5 16. exd5 b4 17. Qd3 bxc3 18. bxc3 Qa5 19. c4 Bg4 20. Ne4 Qc7 21. c5 Nxe4 22. Qxe4 Bh5 23. Rac1 Qd8 24. Rfe1 Bg5 25. Bxd6 Bg6 26. Qe2 Bxc1 27. Bxf8 Qxf8 28. Rxc1 Rxc5 29. Rxc5 Qxc5 30. Qxa6 Qc1+ 31. Qf1 Qc3 32. h3 Bd3 33. Qd1 Kf8 34. d6 Ke8 35. Qf3 Qe1+ 1-0

[Event "Soacha op-B"]
[Site "Soacha"]
[Date "2021.09.10"]
[Round "4"]
[White "Garvin Mejia, Ricardo Luis"]
[Black "Ramos, Edisson"]
[Result "0-1"]
[WhiteElo "1649"]
[BlackElo "1246"]
[PlyCount "71"]
[EventDate "2021.09.08"]
[EventType "swiss"]
[EventRounds "9"]
[EventCountry "COL"]
[SourceTitle "CBM 204 Extra"]
[Source "ChessBase"]
[SourceDate "2021.11.30"]
[SourceVersion "1"]
[SourceVersionDate "2021.11.30"]
[SourceQuality "1"]

1. e4 d5 2. exd5 Nf6 3. Nc3 Nxd5 4. Bc4 c6 5. Nge2 Bg4 6. f3 Bh5 7. d4 e6 8. 0-0 Bd6 9. Qe1 0-0 10. Ne4 Be7 11. c3 Bg6 12. Nf4 Nd7 13. Nxg6 hxg6 14. Qg3 N7f6 15. Bxd5 cxd5 16. Nxf6+ Bxf6 17. Qf2 b5 18. Be3 a5 19. Rac1 Rc8 20. Rfd1 Rc6 21. Qe2 Qb6 22. Kf1 Rfc8 23. f4 a4 24. a3 Rc4 25. g4 Qd6 26. g5 Bd8 27. h4 Qb8 28. h5 Bc7 29. hxg6 fxg6 30. Qg4 Kf7 31. Kg2 Bd6 32. Re1 Re8 33. Re2 Rc7 34. Rf1 Qc8 35. Bd2 Rce7 36. Rff2 0-1